| 000 | 00516nam a22001577a 4500 | ||
|---|---|---|---|
| 003 | 0 | ||
| 005 | 20221206091848.0 | ||
| 008 | 221206b xxu||||| |||| 00| 0 eng d | ||
| 050 |
_aJV1075 _b.C84 2019 |
||
| 245 |
_aDental clinic appointment management mobile application _cGlenn Louis D. Cuenca |
||
| 260 |
_aLas Pinas City, Philippines _bSouthville International School and Colleges _cC2019 |
||
| 300 |
_a67pp. _c28cm. _fTheses |
||
| 500 | _aAppointment management. | ||
| 500 | _aMobile application. | ||
| 942 |
_2lcc _cTH |
||
| 999 |
_c364911 _d364911 |
||